[Event "Biel (open) 73/441"]
[Site "?"]
[Date "1998.??.??"]
[Round "?"]
[White "Sturua, Zurab"]
[Black "Adianto, Utut"]
[Result "1-0"]
[WhiteElo "2600"]
[BlackElo "2610"]
[PlyCount "61"]
[EventDate "1998.??.??"]
[Source "ChessBase"]
[SourceDate "1998.06.01"]

1. d4 d5 2. c4 dxc4 3. e3 Nf6 4. Bxc4 a6 5. Nf3 e6 6. O-O b5 7. Bd3 Bb7 8. a4 b4 9. Nbd2 c5 10. e4 cxd4 11. e5 Nd5 12. Nc4 Nc6 13. Bg5 Qd7 14. Re1 h6 15. Bh4 g5 16. Bg3 O-O-O 17. Nfd2 Kb8 18. Ne4 Nf4 19. Rc1 Qc7 20. Ncd6 Bxd6 21. exd6 Qb6 22. Bxf4 gxf4 23. Qh5 Rhg8 24. a5 Qxa5 25. Qxf7 Rdf8 26. Qxe6 Qh5 27. Rc5 Qh4 28. d7 Nd8 29. Qd6+ Ka7 30. Rc7 Rf6 31. Rxb7+ 1-0

[Event "HUN-ch 53rd"]
[Site "Heviz"]
[Date "2003.05.18"]
[Round "7"]
[White "Portisch, Lajos"]
[Black "Acs, Peter"]
[Result "1/2-1/2"]
[WhiteElo "2583"]
[BlackElo "2600"]
[PlyCount "116"]
[EventDate "2003.05.12"]
[Source "ChessBase"]
[SourceDate "2003.09.25"]

1. d4 Nf6 2. c4 e6 3. Nf3 d5 4. Nc3 dxc4 5. e3 a6 6. Bxc4 c5 7. O-O b5 8. Be2 Nbd7 9. d5 exd5 10. Nxd5 Bb7 11. Nxf6+ Nxf6 12. a4 b4 13. Nd2 Be7 14. Bf3 Bxf3 15. Qxf3 O-O 16. Qe2 Qd5 17. Nc4 Rad8 18. Bd2 Qd3 19. Qxd3 Rxd3 20. Rfc1 Ne4 21. Be1 Bf6 22. Rd1 Rfd8 23. Rxd3 Rxd3 24. Rc1 Nd6 25. Nxd6 Rxd6 26. Rxc5 h6 27. Kf1 Rd1 28. Ke2 Rb1 29. Bxb4 Rxb2+ 30. Bd2 Be7 31. Rc8+ Kh7 32. Rc4 Ra2 33. g4 Bd8 34. Kd3 Ra3+ 35. Kc2 Ra2+ 36. Kc1 Ra1+ 37. Kb2 Rf1 38. Rf4 Kg8 39. Kb3 Bc7 40. Rf5 Bxh2 41. Kb4 g6 42. Rd5 Rxf2 43. Rd8+ Kh7 44. Bc3 f6 45. Rd7+ Kg8 46. Ka5 h5 47. gxh5 gxh5 48. Kxa6 h4 49. Kb5 Bg1 50. Rd1 Rf5+ 51. Kc4 Bxe3 52. Rh1 Rf4+ 53. Kd3 Ba7 54. Be1 Rxa4 55. Rxh4 Ra3+ 56. Bc3 Bb8 57. Kc2 Kg7 58. Rb4 Bd6 1/2-1/2

[Event "World Open"]
[Site "Philadelphia USA"]
[Date "2008.07.03"]
[Round "3"]
[White "Ftacnik, L."]
[Black "Ganguly, S."]
[Result "1/2-1/2"]
[WhiteElo "2544"]
[BlackElo "2631"]
[PlyCount "36"]
[EventDate "2008.07.02"]
[Source "www.chesslib.no"]
[SourceDate "2004.05.04"]

1. Nf3 d5 2. d4 Nf6 3. c4 dxc4 4. e3 e6 5. Bxc4 a6 6. O-O Nbd7 7. a4 b6 8. Nc3 Bb7 9. Qe2 c5 10. Rd1 Qc7 11. d5 exd5 12. Nxd5 Nxd5 13. Bxd5 Bxd5 14. Rxd5 Be7 15. b3 Qb7 16. Rd3 O-O 17. Bb2 Rfd8 18. Rad1 Nf8 1/2-1/2

[Event "EU-ch 3rd"]
[Site "Batumi"]
[Date "2002.06.15"]
[Round "4"]
[White "Graf, Alexander"]
[Black "Sargissian, Gabriel"]
[Result "1/2-1/2"]
[WhiteElo "2623"]
[BlackElo "2538"]
[PlyCount "31"]
[EventDate "2002.06.12"]
[Source "ChessBase"]
[SourceDate "2002.09.20"]

1. d4 Nf6 2. c4 e6 3. Nf3 d5 4. Nc3 dxc4 5. e3 a6 6. Bxc4 c5 7. O-O b5 8. Bb3 Bb7 9. Re1 Nc6 10. d5 exd5 11. e4 dxe4 12. Bg5 Qxd1 13. Raxd1 Nd4 14. Nxd4 cxd4 15. Bxf6 gxf6 16. Rxd4 1/2-1/2

[Event "Venacu FRA, 1. Open"]
[Site "?"]
[Date "2005.10.28"]
[Round "6"]
[White "Agrest Evgenij"]
[Black "Markowski Tomasz"]
[Result "1/2-1/2"]
[WhiteElo "2570"]
[BlackElo "2582"]
[PlyCount "153"]
[EventDate "2005.??.??"]
[Source "www.chesslib.no"]
[SourceDate "2004.05.04"]

1. d4 d5 2. Nf3 Nf6 3. c4 dxc4 4. e3 e6 5. Bxc4 a6 6. a4 b6 7. O-O Bb7 8. Qe2 Nbd7 9. Rd1 c5 10. Nc3 Qc7 11. d5 exd5 12. Nxd5 Nxd5 13. Bxd5 Bxd5 14. Rxd5 Be7 15. e4 O-O 16. e5 Qc6 17. Rd1 Rfe8 18. Bf4 Nf8 19. Bg3 Ne6 20. Ra3 Rad8 21. Rxd8 Rxd8 22. h3 c4 23. Rc3 b5 24. axb5 axb5 25. Rc1 Qd5 26. Qc2 h6 27. Qc3 Nc5 28. Kh2 Nd3 29. Rd1 b4 30. Qc2 b3 31. Qe2 Qc6 32. Rb1 Bf8 33. Nd2 Bb4 34. Ne4 Re8 35. f4 Qd5 36. Qe3 f5 37. Nd2 Nxe5 38. fxe5 Bxd2 39. Qf2 f4 40. Bxf4 Bxf4+ 41. Qxf4 Qxe5 42. Qxe5 Rxe5 43. Rc1 Re4 44. Kg3 g5 45. Kf3 Rf4+ 46. Ke3 Kf7 47. g3 Rf6 48. Rxc4 Re6+ 49. Kd3 Rf6 50. Rc3 Rf2 51. Rxb3 Rh2 52. g4 Rxh3+ 53. Kc4 Rh4 54. Rb7+ Kf6 55. Rb6+ Ke5 56. Kc5 Kf4 57. b4 Kxg4 58. b5 h5 59. Ra6 Rh1 60. Ra4+ Kh3 61. b6 Rc1+ 62. Rc4 Rf1 63. Rc3+ Kh4 64. Rb3 g4 65. b7 Rf8 66. b8=Q Rxb8 67. Rxb8 Kg3 68. Kd4 h4 69. Rb3+ Kf4 70. Rb8 h3 71. Rf8+ Kg3 72. Ke3 h2 73. Rh8 Kg2 74. Kf4 g3 75. Rh7 Kf2 76. Rh8 Kg2 77. Rh7 1/2-1/2

[Event "Hungary HUN"]
[Site "?"]
[Date "2006.04.23"]
[Round "11"]
[White "Istratescu Andrei"]
[Black "Varga Zoltan"]
[Result "1/2-1/2"]
[WhiteElo "2621"]
[BlackElo "2515"]
[PlyCount "99"]
[EventDate "2006.??.??"]
[Source "www.chesslib.no"]
[SourceDate "2004.05.04"]

1. d4 d5 2. c4 dxc4 3. e3 Nf6 4. Bxc4 e6 5. Nf3 a6 6. O-O b5 7. Bb3 c5 8. a4 b4 9. Nbd2 Nc6 10. Nc4 cxd4 11. Nxd4 Nxd4 12. exd4 Bd6 13. Qf3 Nd5 14. Nxd6+ Qxd6 15. Bxd5 Qxd5 16. Qxd5 exd5 17. Bf4 O-O 18. Rfe1 Be6 19. Bd6 Rfc8 20. Bxb4 Rab8 21. Bc3 Rc4 22. a5 h6 23. Re5 Rc6 24. Rae1 g6 25. f3 h5 26. h4 Rb5 27. Kf2 Kf8 28. R1e2 Ke7 29. g4 f6 30. R5e3 Kf7 31. Kg3 Rb8 32. Kf4 Rg8 33. g5 Rb8 34. gxf6 Kxf6 35. Re5 Rb7 36. Rg2 Rb3 37. Reg5 Bf7 38. Ke3 Rb8 39. f4 Rb7 40. Kd2 Rb8 41. R2g3 Rb7 42. Ke3 Rb8 43. Rg1 Rb7 44. Kf3 Re7 45. Re5 Be6 46. Rge1 Rb7 47. f5 gxf5 48. Rg1 Rg7 49. Rxg7 Kxg7 50. Kf4 1/2-1/2

[Event "Corsican op"]
[Site "Bastia"]
[Date "1998.11.04"]
[Round "9"]
[White "Vescovi, Giovanni P"]
[Black "Adianto, Utut"]
[Result "1-0"]
[WhiteElo "2525"]
[BlackElo "2610"]
[PlyCount "43"]
[EventDate "1998.11.01"]
[Source "ChessBase"]
[SourceDate "1999.01.01"]

1. d4 d5 2. c4 dxc4 3. e3 Nf6 4. Bxc4 e6 5. Nf3 a6 6. O-O b5 7. Bb3 Bb7 8. Nc3 c5 9. Qe2 Nbd7 10. Rd1 Be7 11. e4 b4 12. e5 bxc3 13. exf6 Nxf6 14. dxc5 Qc8 15. Nd4 O-O 16. c6 Bxc6 17. Nxe6 c2 18. Re1 Re8 19. Ng5 Bd5 20. Qxc2 Qxc2 21. Bxc2 Ng4 22. Ba4 1-0

[Event "Radenci op"]
[Site "Radenci"]
[Date "1998.??.??"]
[Round "?"]
[White "Kozul, Zdenko"]
[Black "Delchev, Aleksander"]
[Result "1/2-1/2"]
[WhiteElo "2585"]
[BlackElo "2545"]
[PlyCount "117"]
[EventDate "1998.??.??"]
[Source "www.chesslib.no"]
[SourceDate "2004.05.04"]

1. d4 Nf6 2. Nf3 d5 3. c4 e6 4. Nc3 dxc4 5. e3 c5 6. Bxc4 a6 7. a3 Nc6 8. O-O Be7 9. dxc5 Qxd1 10. Rxd1 Bxc5 11. b4 Be7 12. Bb2 O-O 13. Be2 Bd7 14. g4 Rfd8 15. g5 Ne8 16. h4 Nd6 17. Rd2 Be8 18. Rad1 Nf5 19. Bd3 Nd6 20. Ne4 Nxe4 21. Bxe4 Rxd2 22. Rxd2 Rd8 23. Rc2 f5 24. gxf6 Bxf6 25. Ng5 Bxg5 26. hxg5 Bg6 27. Bxg6 hxg6 28. Kg2 Kf7 29. f4 Rd3 30. Kf3 Rb3 31. Ke4 Ne7 32. Bd4 Nc6 33. Bb2 Ne7 34. Bc1 Nc6 35. Rd2 Ke8 36. Bb2 Kf8 37. Kf3 a5 38. bxa5 Nxa5 39. Bd4 Nc6 40. Bc5+ Ke8 41. Ke4 Rc3 42. Bd6 Rc4+ 43. Kd3 Rc1 44. Ke2 Rb1 45. Rd3 Rb5 46. Kf3 e5 47. Ke4 exf4 48. exf4 Nd8 49. Bb4 Ne6 50. Rd6 Nf8 51. Ke3 Rf5 52. Rb6 Rf7 53. Ke4 Rc7 54. Rd6 Kf7 55. Rd8 Ne6 56. Rb8 Rd7 57. Ke5 Nd8 58. Ke4 Ne6 59. Rh8 1/2-1/2

[Event "Cappelle op"]
[Site "Cappelle la Grande"]
[Date "1998.??.??"]
[Round "6"]
[White "Shipov, Sergei"]
[Black "Luther, Thomas"]
[Result "1/2-1/2"]
[WhiteElo "2620"]
[BlackElo "2510"]
[PlyCount "31"]
[EventDate "1998.02.21"]
[Source "ChessBase"]
[SourceDate "1998.04.29"]

1. d4 d5 2. c4 dxc4 3. e3 e6 4. Bxc4 a6 5. Qe2 c5 6. dxc5 Bxc5 7. Nf3 Nf6 8. O-O O-O 9. e4 b5 10. Bd3 Nc6 11. Nbd2 e5 12. Nb3 Ba7 13. Be3 Be6 14. Bxa7 Rxa7 15. Nc5 Bg4 16. Nb3 1/2-1/2

[Event "Nordic-ch"]
[Site "Aarhus"]
[Date "2003.09.13"]
[Round "7"]
[White "Palo, Davor"]
[Black "Hansen, Curt"]
[Result "1/2-1/2"]
[WhiteElo "2510"]
[BlackElo "2618"]
[PlyCount "199"]
[EventDate "2003.09.06"]
[Source "ChessBase"]
[SourceDate "2004.02.03"]

1. d4 d5 2. Nf3 Nf6 3. c4 dxc4 4. e3 e6 5. Bxc4 a6 6. Bb3 c5 7. O-O b5 8. a4 b4 9. Nbd2 Be7 10. dxc5 O-O 11. e4 Nfd7 12. Qe2 Nxc5 13. Bc2 a5 14. Rd1 Ba6 15. Qe3 Qc7 16. Nf1 Nc6 17. b3 Bf6 18. Rb1 Ne5 19. Nxe5 Bxe5 20. Bb2 Bxb2 21. Rxb2 Rfd8 22. Rc1 Qe5 23. Rbb1 Rac8 24. f4 Qc3 25. e5 g6 26. Bd1 Qd4 27. g3 Ne4 28. Rxc8 Qxe3+ 29. Nxe3 Bxc8 30. Bc2 Nc3 31. Rf1 Ba6 32. Rf2 h5 33. Kg2 Rd4 34. Kh3 Kf8 35. Kh4 Ke7 36. Kh3 Be2 37. Kh4 Ba6 38. Kh3 Kf8 39. Kh4 Kg7 40. Kh3 Kh6 41. Kg2 Kg7 42. Kg1 Ne4 43. Bxe4 Rxe4 44. Nc2 Bb7 45. Rd2 Bd5 46. Nd4 Re3 47. f5 Rxe5 48. fxe6 fxe6 49. Kf2 Kf6 50. Rd3 g5 51. Nb5 Rf5+ 52. Ke2 Ke7 53. Re3 g4 54. Nd4 Rg5 55. Kd2 Kd6 56. Ne2 e5 57. Nc1 Rf5 58. Nd3 Bxb3 59. Nxb4 Bxa4 60. Rd3+ Kc5 61. Na6+ Kb5 62. Nc7+ Kc6 63. Nd5 Rf2+ 64. Ke1 Rxh2 65. Ne7+ Kc7 66. Nd5+ Kb7 67. Ra3 Rh1+ 68. Kf2 Rd1 69. Nc3 Rd3 70. Rxa4 Rxc3 71. Rxa5 Rf3+ 72. Kg2 Rf5 73. Rc5 Kb6 74. Rc8 Kb5 75. Rc7 Rf3 76. Re7 Re3 77. Kf2 Re4 78. Rc7 Rc4 79. Re7 Rc5 80. Ke3 Kc6 81. Ke4 Kd6 82. Rh7 Rc4+ 83. Kf5 Rc3 84. Rxh5 Rxg3 85. Rh8 Rf3+ 86. Kxg4 Rf4+ 87. Kg3 Kd5 88. Ra8 Rf5 89. Ra5+ Kd4 90. Ra4+ Kd3 91. Ra3+ Kc4 92. Ra4+ Kc5 93. Ra5+ Kb4 94. Rd5 Kc4 95. Ra5 Kd3 96. Ra3+ Kd2 97. Ra2+ Kc3 98. Ra5 Rg5+ 99. Kh4 Rf5 100. Kg3 1/2-1/2

[Event "RUS"]
[Site "?"]
[Date "2006.04.29"]
[Round "10"]
[White "Kiriakov Petr"]
[Black "Grigoriants Sergey"]
[Result "1/2-1/2"]
[WhiteElo "2555"]
[BlackElo "2568"]
[PlyCount "39"]
[EventDate "2006.??.??"]
[Source "www.chesslib.no"]
[SourceDate "2004.05.04"]

1. d4 d5 2. c4 c6 3. Nc3 Nf6 4. e3 e6 5. Bd3 dxc4 6. Bxc4 c5 7. Nf3 a6 8. Qe2 Nbd7 9. a4 cxd4 10. exd4 Nb6 11. Bb3 Be7 12. O-O O-O 13. Bg5 Nfd5 14. Bd2 Nb4 15. Rfe1 N6d5 16. Ne5 Bf6 17. Ne4 Be7 18. Nc3 Bf6 19. Ne4 Be7 20. Nc3 1/2-1/2

[Event "HUN-ch"]
[Site "Lillafured"]
[Date "1999.02.02"]
[Round "2"]
[White "Varga, Zoltan"]
[Black "Chernin, Alexander"]
[Result "1-0"]
[WhiteElo "2518"]
[BlackElo "2604"]
[PlyCount "71"]
[EventDate "1999.02.01"]
[Source "ChessBase"]
[SourceDate "1999.06.08"]

1. d4 Nf6 2. c4 e6 3. Nf3 d5 4. Nc3 dxc4 5. e3 a6 6. Bxc4 b5 7. Bd3 Bb7 8. Qe2 b4 9. Na4 Qd5 10. O-O Nbd7 11. b3 Be7 12. Bb2 O-O 13. Rac1 Rfc8 14. Rfd1 Qh5 15. Ne5 Qxe2 16. Bxe2 Kf8 17. Nc6 a5 18. Bf3 Nd5 19. e4 N5b6 20. Nxe7 Kxe7 21. Nc5 Ra7 22. d5 Nxc5 23. Rxc5 Kd6 24. Rdc1 Nd7 25. e5+ Nxe5 26. Bxe5+ Kxe5 27. Rxc7 Rxc7 28. Rxc7 exd5 29. Rxf7 g5 30. Rxh7 Kd6 31. g3 Kc6 32. h4 gxh4 33. gxh4 a4 34. bxa4 Ra8 35. Bxd5+ Kxd5 36. Rxb7 1-0

[Event "EU-ch 3rd"]
[Site "Batumi"]
[Date "2002.06.23"]
[Round "11"]
[White "Kacheishvili, Giorgi"]
[Black "Markowski, Tomasz"]
[Result "1/2-1/2"]
[WhiteElo "2584"]
[BlackElo "2538"]
[PlyCount "124"]
[EventDate "2002.06.12"]
[Source "ChessBase"]
[SourceDate "2002.09.20"]

1. d4 d5 2. c4 dxc4 3. e3 Nf6 4. Bxc4 e6 5. Nf3 a6 6. Qe2 b5 7. Bd3 Nbd7 8. a4 b4 9. Nbd2 Bb7 10. e4 c5 11. e5 Nd5 12. Nb3 cxd4 13. O-O g6 14. Re1 Bg7 15. Qe4 O-O 16. Qxd4 Ne7 17. Be4 Nc6 18. Qe3 Qc7 19. Nc5 Nxc5 20. Qxc5 Rfc8 21. Bf4 Bf8 22. Qe3 Ne7 23. Ng5 Nd5 24. Qh3 h6 25. Bxd5 Bxd5 26. Ne4 Bxe4 27. Rxe4 Qc2 28. Rae1 g5 29. Qg4 Bg7 30. Bg3 Qxb2 31. h4 Qd2 32. hxg5 hxg5 33. R4e2 Qc3 34. Re3 Qc2 35. Qxb4 Rc6 36. Re4 Rac8 37. Qe7 Qd2 38. Kh2 R8c7 39. Qa3 Bf8 40. Qf3 Rc1 41. Rxc1 Rxc1 42. Qg4 Rd1 43. Bf4 Qxf2 44. Qxd1 Qh4+ 45. Kg1 gxf4 46. Qc1 Bh6 47. Qc8+ Kg7 48. Qxa6 Qg3 49. Qe2 Qc3 50. Rc4 Qa1+ 51. Kh2 Bg5 52. Qe4 Qa3 53. Qf3 Qa1 54. Qc3 Qf1 55. a5 Bh4 56. Kh3 Bg3 57. Qc2 Kh6 58. Kg4 Qh1 59. Kf3 Qf1+ 60. Kg4 Qh1 61. Kf3 Qf1+ 62. Kg4 Qh1 1/2-1/2

[Event "Europa ch 2008"]
[Site "Plovdiv BUL"]
[Date "2008.04.30"]
[Round "9.41"]
[White "Wells, Peter"]
[Black "Markowski, Tomasz"]
[Result "0-1"]
[WhiteElo "2521"]
[BlackElo "2598"]
[PlyCount "74"]
[EventDate "2008.04.21"]
[Source "www.chesslib.no"]
[SourceDate "2004.05.04"]

1. Nf3 d5 2. d4 Nf6 3. c4 dxc4 4. e3 e6 5. Bxc4 a6 6. a4 b6 7. Nc3 Bb7 8. O-O Nbd7 9. e4 Nxe4 10. Nxe4 Bxe4 11. Ng5 Bg6 12. Bxe6 Be7 13. Bd5 Rc8 14. Nf3 c6 15. Ba2 O-O 16. Re1 Bh5 17. Qd3 a5 18. Bd2 Bf6 19. Bb1 Bg6 20. Qc4 c5 21. Bxg6 hxg6 22. d5 Bxb2 23. Rab1 Bf6 24. Bf4 Re8 25. g4 Rxe1+ 26. Rxe1 g5 27. Bd2 Nf8 28. Qe4 Ng6 29. Qf5 Ne7 30. Rxe7 Bxe7 31. Ne5 Bf6 32. Nc6 g6 33. Qf3 Qd6 34. Na7 Rd8 35. Nc6 Rd7 36. h3 Kg7 37. h4 Qxd5 0-1

[Event "St Petersburg"]
[Site "St Petersburg"]
[Date "1997.??.??"]
[Round "3"]
[White "Epishin, Vladimir"]
[Black "Ivanov, Sergey"]
[Result "1/2-1/2"]
[WhiteElo "2600"]
[BlackElo "2515"]
[PlyCount "58"]
[EventDate "1997.04.17"]
[Source "ChessBase"]
[SourceDate "1997.08.01"]

1. d4 Nf6 2. c4 e6 3. Nf3 d5 4. Nc3 dxc4 5. e3 a6 6. Bxc4 b5 7. Bd3 Bb7 8. a3 c5 9. dxc5 Bxc5 10. b4 Bd6 11. Bb2 O-O 12. Rc1 Qe7 13. O-O Nbd7 14. Qe2 Rac8 15. Rfd1 Nb6 16. Nd2 Rfd8 17. h3 Bb8 18. Nb3 Nc4 19. Bxc4 Rxd1+ 20. Nxd1 Rxc4 21. Rxc4 bxc4 22. Nc5 Qd6 23. f4 Bd5 24. Be5 Qb6 25. Nc3 Ba7 26. Bxf6 gxf6 27. Qg4+ Kh8 28. Nxd5 exd5 29. Qc8+ Kg7 1/2-1/2

[Event "FRA-ch Pool A"]
[Site "Marsailles"]
[Date "2001.08.14"]
[Round "2"]
[White "Degraeve, Jean Marc"]
[Black "Hauchard, Arnaud"]
[Result "1-0"]
[WhiteElo "2602"]
[BlackElo "2513"]
[PlyCount "133"]
[EventDate "2001.08.13"]
[Source "ChessBase"]
[SourceDate "2001.11.13"]

1. e4 c6 2. d4 d5 3. exd5 cxd5 4. c4 Nf6 5. Nc3 e6 6. Nf3 Bb4 7. Bd3 dxc4 8. Bxc4 Nc6 9. O-O O-O 10. Bg5 Be7 11. Re1 b6 12. a3 Bb7 13. Qd3 Nd5 14. Bxd5 exd5 15. Bxe7 Nxe7 16. Re3 f6 17. Rae1 Rf7 18. Nd2 Qd7 19. Nf1 Raf8 20. Ng3 f5 21. f4 Ng6 22. Nge2 Re7 23. Nc1 Rxe3 24. Qxe3 Ba6 25. g3 Rd8 26. Nb3 Nh8 27. Qe7 Ng6 28. Qe3 Nh8 29. Nd2 Nf7 30. Qe7 Nd6 31. Qxd7 Rxd7 32. Nxd5 Nc4 33. Nxc4 Bxc4 34. Ne7+ Kf8 35. Nxf5 g6 36. Ne3 Rxd4 37. Rd1 Re4 38. Kf2 Bb5 39. Rd5 Be8 40. Ng4 Rc4 41. Ke3 Rc1 42. Rd2 Ke7 43. Ne5 Ke6 44. Nf3 h6 45. g4 Ba4 46. Nd4+ Ke7 47. Ke4 Bc6+ 48. Nxc6+ Rxc6 49. b3 Re6+ 50. Kf3 Rc6 51. Rd3 Rc2 52. h3 Ra2 53. a4 b5 54. axb5 Ra5 55. b6 axb6 56. Rd4 Rc5 57. Rc4 Rb5 58. b4 h5 59. Ke4 hxg4 60. hxg4 Ke6 61. Rd4 g5 62. f5+ Kf6 63. Kd3 Re5 64. Re4 Rd5+ 65. Kc4 Rd1 66. Kb5 Rf1 67. Rc4 1-0

[Event "Dubai op"]
[Site "Dubai"]
[Date "2000.05.01"]
[Round "4"]
[White "Vladimirov, Evgeny"]
[Black "Arkhipov, Sergey"]
[Result "0-1"]
[WhiteElo "2586"]
[BlackElo "2527"]
[PlyCount "67"]
[EventDate "2000.04.28"]
[Source "www.chesslib.no"]
[SourceDate "2004.05.04"]

1. d4 Nf6 2. c4 e6 3. Nf3 d5 4. Nc3 dxc4 5. e3 a6 6. Bxc4 b5 7. Bd3 Bb7 8. Qe2 Nbd7 9. e4 c5 10. d5 c4 11. Bc2 e5 12. O-O Bd6 13. a4 b4 14. Nd1 a5 15. Ne3 Nb6 16. b3 cxb3 17. Bd3 O-O 18. Nd2 Bc8 19. Nec4 Nxc4 20. Nxc4 Ba6 21. Bb2 Rc8 22. Rfc1 Bxc4 23. Bxc4 Nd7 24. Bb5 Bc5 25. Bc6 Bd4 26. Qd2 Nc5 27. Rxc5 Bxc5 28. Rd1 Qf6 29. Rc1 Bb6 30. Qe2 Rfd8 31. g3 Bd4 32. Kg2 Qg6 33. Rc4 f5 34. Bxd4 0-1

[Event "Alekhine op"]
[Site "Moscow"]
[Date "1992.??.??"]
[Round "?"]
[White "Kurajica, Bojan"]
[Black "Yakovich, Yuri"]
[Result "0-1"]
[WhiteElo "2590"]
[BlackElo "2520"]
[PlyCount "154"]
[EventDate "1992.10.??"]
[Source "ChessBase"]

1. d4 d5 2. c4 dxc4 3. e3 Nf6 4. Bxc4 e6 5. Nc3 c5 6. Nf3 a6 7. O-O b5 8. Be2 Bb7 9. dxc5 Bxc5 10. Qxd8+ Kxd8 11. b3 Ke7 12. Bb2 Nbd7 13. Rfd1 Rhc8 14. Nd4 Rc7 15. Rac1 Rac8 16. f3 e5 17. Nf5+ Kf8 18. Kf2 Bb4 19. Nb1 Rc2 20. Bc3 R2xc3 21. Nxc3 Rxc3 22. Rxc3 Bxc3 23. Nd6 Nc5 24. Rc1 Nd5 25. Nxb7 Nxb7 26. Rd1 Nc7 27. a3 Ke7 28. Rc1 Nd5 29. Rd1 Ke6 30. f4 Nd6 31. f5+ Nxf5 32. e4 Bd4+ 33. Ke1 Nfe3 34. exd5+ Kxd5 35. Rc1 Nxg2+ 36. Kd1 Ne3+ 37. Kd2 Nf5 38. Rc7 Nd6 39. a4 e4 40. Rd7 bxa4 41. bxa4 a5 42. Rd8 f5 43. Rh8 f4 44. Rxh7 f3 45. Rh5+ Be5 46. Bxf3 exf3 47. Ke3 Nc4+ 48. Kxf3 Nb2 49. Ke3 Nc4+ 50. Kf3 Nb2 51. Rh4 Nd3 52. Ke3 Nc5 53. Rg4 Bxh2 54. Rxg7 Bf4+ 55. Ke2 Be5 56. Ra7 Bc3 57. Kd1 Nxa4 58. Kc2 Bb4 59. Rh7 Nc5 60. Rh4 Kc6 61. Rh8 Kb5 62. Rh3 Ne6 63. Kb2 Nd4 64. Rg3 Kc4 65. Rh3 Bc5 66. Rh4 Kb5 67. Rg4 Nc6 68. Kb3 Nd4+ 69. Kb2 Kb4 70. Rh4 Kb5 71. Ka2 a4 72. Rh3 Kb4 73. Kb2 Nb5 74. Rh4+ Bd4+ 75. Ka2 Nc3+ 76. Ka1 Ne2+ 77. Ka2 a3 0-1

[Event "ESP-Tch  1a Div"]
[Site "Ciudad Real"]
[Date "2004.08.23"]
[Round "1.2"]
[White "Oms Pallise, Josep"]
[Black "Markowski, Tomasz"]
[Result "0-1"]
[WhiteElo "2503"]
[BlackElo "2605"]
[PlyCount "104"]
[EventDate "2004.08.23"]
[Source "Roberto Alvarez"]
[SourceDate "2004.09.06"]

1. d4 d5 2. Nf3 Nf6 3. c4 dxc4 4. e3 e6 5. Bxc4 a6 6. O-O Nbd7 7. a4 b6 8. Nc3 Bb7 9. b3 Be7 10. Bb2 O-O 11. d5 e5 12. e4 Ne8 13. Be2 Nd6 14. Nd2 Bg5 15. Nc4 Re8 16. Qc2 Bh6 17. Na2 Nc5 18. Nxd6 cxd6 19. b4 Nd7 20. Bc1 Rc8 21. Qb3 Bxc1 22. Raxc1 Qg5 23. h3 g6 24. Qe3 Qxe3 25. fxe3 Rxc1 26. Rxc1 Rc8 27. Rxc8+ Bxc8 28. g4 h6 29. Kf2 Kf8 30. Nc3 a5 31. bxa5 bxa5 32. Bb5 Ke7 33. Ke2 Kd8 34. Kf3 Nc5 35. Kg3 Nd7 36. Be2 Nf6 37. Bd3 g5 38. Bb5 h5 39. gxh5 Nxh5+ 40. Kg2 Nf6 41. Kg3 Kc7 42. Be2 Kb6 43. h4 gxh4+ 44. Kxh4 Kc5 45. Kg5 Nd7 46. Bg4 Nb6 47. Bf5 Ba6 48. Kf6 Kb4 49. Ke7 Kxc3 50. Kxd6 Kb4 51. Kxe5 Nxa4 52. Kf6 Bc4 0-1

[Event "It (Open) Deizisau GER"]
[Site "?"]
[Date "2006.04.??"]
[Round "8"]
[White "Gelashvili Tamaz"]
[Black "Halkias Stelios"]
[Result "1/2-1/2"]
[WhiteElo "2576"]
[BlackElo "2528"]
[PlyCount "23"]
[EventDate "2006.??.??"]
[Source "www.chesslib.no"]
[SourceDate "2004.05.04"]

1. Nf3 Nf6 2. d4 e6 3. c4 d5 4. Nc3 dxc4 5. e3 a6 6. Bxc4 b5 7. Bd3 Bb7 8. O-O Nbd7 9. Qe2 c5 10. Rd1 Qb8 11. h3 Be7 12. a3 1/2-1/2

[Event "7th open"]
[Site "Bad Zwesten"]
[Date "2003.??.??"]
[Round "7"]
[White "Bischoff, Klaus"]
[Black "Markowski, Tomasz"]
[Result "1-0"]
[WhiteElo "2554"]
[BlackElo "2549"]
[PlyCount "99"]
[EventDate "2003.01.02"]
[Source "Roberto Alvarez"]
[SourceDate "2003.05.05"]

1. d4 d5 2. c4 dxc4 3. e3 Nf6 4. Bxc4 e6 5. Nf3 a6 6. O-O Nbd7 7. Nbd2 b5 8. Be2 Bb7 9. a4 b4 10. b3 Be7 11. Bb2 O-O 12. Rc1 c5 13. Nc4 cxd4 14. Qxd4 Nc5 15. Qxd8 Raxd8 16. Na5 Ba8 17. Bxf6 gxf6 18. Nd4 Rc8 19. Bf3 Bxf3 20. gxf3 Rfe8 21. Rfd1 Bf8 22. Kf1 e5 23. Nf5 e4 24. Ke2 Rcd8 25. Rxd8 Rxd8 26. Nc6 Rd7 27. Ncd4 exf3+ 28. Kxf3 Rd5 29. Ng3 f5 30. Rg1 Kh8 31. Rb1 Bd6 32. Ngxf5 Bxh2 33. Rc1 Ne6 34. Rc8+ Rd8 35. Rc6 Nc7 36. Kg2 Be5 37. f4 Bxd4 38. Rxc7 Bc3 39. Rxf7 h5 40. Kf3 Rd1 41. Ne7 Rb1 42. f5 Bg7 43. Nd5 Rxb3 44. f6 Bh6 45. Rb7 a5 46. Nf4 Bxf4 47. Kxf4 Kg8 48. e4 h4 49. Rg7+ Kf8 50. e5 1-0